[Event "Cto. FACV Ind. Absoluto Vila-real 2014"]
[Site "Villareal ESP"]
[Date "2014.09.27"]
[Round "1.8"]
[White "Ventura Monfort, Santiago"]
[Black "Arsis Lopez, Jordi"]
[Result "1-0"]
[WhiteElo "1861"]
[BlackElo "1381"]
[PlyCount "111"]
[EventDate "2014.09.27"]
[EventType "swiss"]
[EventRounds "7"]
[EventCountry "ESP"]
[Source "lmi"]
[SourceDate "2014.09.27"]

1. b3 e5 2. Bb2 Nc6 3. e3 d5 4. Bb5 Bd7 5. Bxc6 Bxc6 6. Bxe5 Qg5 7. Bg3 Nf6 8.
Nf3 Qg4 9. h3 Qg6 10. Ne5 Qg5 11. Qf3 Bd6 12. Bf4 Qf5 13. Nxc6 Bxf4 14. Nd4 Qe5
15. Qxf4 Qxf4 16. exf4 O-O 17. O-O Rfe8 18. d3 c5 19. Nf3 Re2 20. Nbd2 b5 21.
Rfe1 Rae8 22. Rxe2 Rxe2 23. a4 a6 24. axb5 axb5 25. Ra5 c4 26. bxc4 bxc4 27.
Ra8+ Re8 28. Rxe8+ Nxe8 29. dxc4 dxc4 30. Nxc4 Nc7 31. Kf1 Nd5 32. g3 h5 33.
Ne3 Ne7 34. Ke2 g6 35. Kd3 Nc8 36. Kd4 Kf8 37. Kc5 Ke7 38. c4 Kd7 39. Ne5+ Ke7
40. Kc6 Ke8 41. Nd5 Ne7+ 42. Nxe7 Kxe7 43. Kb7 Kd6 44. Nxf7+ Kc5 45. Ne5 Kd6
46. Nxg6 Kc5 47. Ne5 Kd6 48. Kb6 Ke7 49. Kc7 Ke6 50. c5 Ke7 51. c6 Ke8 52. Kb8
Ke7 53. c7 Ke6 54. c8=Q+ Kd5 55. Qd7+ Ke4 56. Qd3# 1-0

[Event "Cto. FACV Ind. Absoluto Vila-real 2014"]
[Site "Villareal ESP"]
[Date "2014.09.27"]
[Round "2.1"]
[White "Romero Calduch, Sergio"]
[Black "Alamillo Sanz, Ildefonso"]
[Result "1-0"]
[WhiteElo "2179"]
[BlackElo "1950"]
[PlyCount "61"]
[EventDate "2014.09.27"]
[EventType "swiss"]
[EventRounds "7"]
[EventCountry "ESP"]
[Source "lmi"]
[SourceDate "2014.09.27"]

1. d4 Nf6 2. c4 e6 3. Nc3 Bb4 4. e3 c5 5. Nge2 O-O 6. a3 Bxc3+ 7. Nxc3 d6 8.
Be2 Nbd7 9. O-O a6 10. b3 Rb8 11. a4 b6 12. Rb1 Bb7 13. b4 Ne4 14. Qc2 f5 15.
Rd1 Qg5 16. f3 Nef6 17. e4 Qg6 18. exf5 exf5 19. dxc5 Ne5 20. Nd5 Nxd5 21. cxd5
bxc5 22. bxc5 dxc5 23. Qxc5 f4 24. Ba3 Rbd8 25. Qc7 Rc8 26. Qxb7 Rc2 27. Rb2
Rxe2 28. Rxe2 Nxf3+ 29. Kh1 Qh5 30. g4 fxg3 31. Qe7 1-0

[Event "Cto. FACV Ind. Absoluto Vila-real 2014"]
[Site "Villareal ESP"]
[Date "2014.09.27"]
[Round "2.2"]
[White "Soriano Pallas, Rafael"]
[Black "Aymerich Rosell, Pablo"]
[Result "0-1"]
[WhiteElo "1911"]
[BlackElo "2163"]
[PlyCount "52"]
[EventDate "2014.09.27"]
[EventType "swiss"]
[EventRounds "7"]
[EventCountry "ESP"]
[Source "lmi"]
[SourceDate "2014.09.27"]

1. e4 c6 2. d4 d5 3. e5 c5 4. dxc5 Nc6 5. Bb5 e6 6. Be3 Nge7 7. Nf3 Nf5 8. Bd4
Nfxd4 9. Qxd4 Qa5+ 10. Nc3 Qxb5 11. Nxb5 Nxd4 12. Nbxd4 Bxc5 13. Rc1 O-O 14.
O-O Bd7 15. Rfe1 Rfc8 16. c3 b5 17. Nc2 a5 18. a3 Ra7 19. Ne3 Rac7 20. Rcd1 b4
21. axb4 axb4 22. Nd4 bxc3 23. bxc3 Bf8 24. f4 Rxc3 25. Kh1 Bc5 26. f5 Bxd4 0-1

[Event "Cto. FACV Ind. Absoluto Vila-real 2014"]
[Site "Villareal ESP"]
[Date "2014.09.27"]
[Round "2.3"]
[White "Jordan Martinez, David"]
[Black "Ventura Monfort, Santiago"]
[Result "1/2-1/2"]
[WhiteElo "2122"]
[BlackElo "1861"]
[PlyCount "135"]
[EventDate "2014.09.27"]
[EventType "swiss"]
[EventRounds "7"]
[EventCountry "ESP"]
[Source "lmi"]
[SourceDate "2014.09.27"]

1. d4 Nf6 2. Nf3 g6 3. g3 Bg7 4. Bg2 O-O 5. O-O d6 6. c4 Nbd7 7. Nc3 c6 8. e4
e5 9. Re1 Re8 10. d5 c5 11. a3 a5 12. Bd2 Nb6 13. Bf1 a4 14. Nb5 Bf8 15. b4
axb3 16. Qxb3 Na4 17. Bg2 Be7 18. Re2 Nd7 19. Qc2 Ndb6 20. Ne1 f5 21. Nd3 Bd7
22. Rb1 Nc8 23. f4 exf4 24. Bxf4 Nab6 25. e5 Bxb5 26. cxb5 c4 27. Nb2 dxe5 28.
Bxe5 Bc5+ 29. Kh1 Nd6 30. a4 Ne4 31. Bxe4 fxe4 32. Qxe4 Qxd5 33. Qxd5+ Nxd5 34.
Rbe1 Bb4 35. Rc1 Ba3 36. Rcc2 Bxb2 37. Rxb2 Rxa4 38. Kg2 Ra3 39. Bd4 Rxe2+ 40.
Rxe2 Rb3 41. Rc2 c3 42. Kf3 Kf7 43. Ke4 Ke6 44. b6 Rb2 45. Rc1 Rxh2 46. Bxc3
Nxc3+ 47. Rxc3 Rb2 48. Rc7 Rxb6 49. Rxh7 Rb4+ 50. Kf3 Kf5 51. Rf7+ Kg5 52. Rd7
Rb3+ 53. Kg2 b5 54. Rd8 b4 55. Rc8 Rc3 56. Rb8 b3 57. Rb5+ Kf6 58. Kh3 Ke6 59.
Kh4 Kd6 60. g4 g5+ 61. Kh5 Kc6 62. Rb8 Kc5 63. Kxg5 Kc4 64. Kg6 Kd3 65. g5 Kc2
66. Kg7 b2 67. Rxb2+ Kxb2 68. g6 1/2-1/2

[Event "Cto. FACV Ind. Absoluto Vila-real 2014"]
[Site "Villareal ESP"]
[Date "2014.09.27"]
[Round "2.6"]
[White "Arsis Lopez, Jordi"]
[Black "Ventura Monfort, Javier"]
[Result "0-1"]
[WhiteElo "1381"]
[BlackElo "1798"]
[PlyCount "68"]
[EventDate "2014.09.27"]
[EventType "swiss"]
[EventRounds "7"]
[EventCountry "ESP"]
[Source "lmi"]
[SourceDate "2014.09.27"]

1. d4 d5 2. c4 e6 3. Nc3 c6 4. Nf3 dxc4 5. e3 b5 6. a4 Bb4 7. Bd2 Nf6 8. axb5
Bxc3 9. Bxc3 cxb5 10. b3 Nd5 11. Ba5 Nb6 12. bxc4 bxc4 13. Bxc4 O-O 14. O-O Bb7
15. Qe2 Qf6 16. Bd3 Nc6 17. Bc3 Nd5 18. Bb2 a5 19. Bc2 Ncb4 20. Ba4 Rfc8 21.
Rfc1 Qg6 22. Ne5 Qe4 23. Qg4 Qxg4 24. Nxg4 Nd3 25. Rxc8+ Rxc8 26. Ba3 Nc3 27.
Bc2 Ne2+ 28. Kf1 Rxc2 29. Rb1 h5 30. Rxb7 hxg4 31. Ra7 Nc3 32. Ra6 Rxf2+ 33.
Kg1 Ne2+ 34. Kh1 Rf1# 0-1

[Event "Cto. FACV Ind. Absoluto Vila-real 2014"]
[Site "Villareal ESP"]
[Date "2014.10.04"]
[Round "3.1"]
[White "Aymerich Rosell, Pablo"]
[Black "Romero Calduch, Sergio"]
[Result "1-0"]
[WhiteElo "2163"]
[BlackElo "2179"]
[PlyCount "107"]
[EventDate "2014.09.27"]
[EventType "swiss"]
[EventRounds "7"]
[EventCountry "ESP"]
[Source "lmi"]
[SourceDate "2014.09.27"]

1. Nf3 Nf6 2. c4 e6 3. g3 d5 4. Bg2 c5 5. O-O dxc4 6. Na3 Qc7 7. Nxc4 b5 8.
Nce5 Bb7 9. d4 Nbd7 10. a4 b4 11. Bf4 Nd5 12. Nxf7 Nxf4 13. Nxh8 Nxg2 14. Kxg2
g5 15. Kg1 g4 16. Ng5 Qc6 17. e4 Bg7 18. d5 exd5 19. exd5 Qxd5 20. Re1+ Ne5 21.
Qxd5 Bxd5 22. Rad1 Bb3 23. Rxe5+ Bxe5 24. Re1 O-O-O 25. Nhf7 Rd2 26. Nxe5 Rxb2
27. Rc1 Rc2 28. Rxc2 Bxc2 29. Nc4 Bxa4 30. Ne4 Bb3 31. Ncd2 Bd5 32. Nxc5 a5 33.
Kf1 Kc7 34. Ke2 Kc6 35. Nd3 Kb5 36. Kd1 b3 37. Kc1 a4 38. Kb2 Be6 39. Nf4 Bf7
40. Ka3 Be8 41. Nd5 Kc5 42. Nf6 Bg6 43. Nxg4 Kd4 44. Kb2 Kd3 45. Nf3 Ke2 46.
Nfe5 Bf5 47. f4 h5 48. Nh6 Bc2 49. f5 Kd2 50. Nc4+ Ke2 51. f6 Bg6 52. Ne5 Be8
53. Nf5 h4 54. gxh4 1-0

[Event "Cto. FACV Ind. Absoluto Vila-real 2014"]
[Site "Villareal ESP"]
[Date "2014.10.04"]
[Round "3.2"]
[White "Viciano Barrachina, Aitor"]
[Black "Jordan Martinez, David"]
[Result "0-1"]
[WhiteElo "1892"]
[BlackElo "2122"]
[PlyCount "116"]
[EventDate "2014.09.27"]
[EventType "swiss"]
[EventRounds "7"]
[EventCountry "ESP"]
[Source "lmi"]
[SourceDate "2014.09.27"]

1. e4 e6 2. d4 d5 3. Nd2 Nc6 4. c3 e5 5. Ngf3 exd4 6. Nxd4 Nxd4 7. cxd4 dxe4 8.
Nxe4 Nf6 9. Bg5 Bb4+ 10. Nc3 O-O 11. Be2 Bf5 12. O-O c6 13. Bc4 Qd6 14. h3 Ne4
15. Nxe4 Bxe4 16. Be3 Rad8 17. Qg4 Rfe8 18. Rad1 Bd5 19. b3 Re4 20. Qe2 Rde8
21. Bd3 R4e7 22. Qh5 h6 23. Qg4 Qf6 24. Bc1 Rd8 25. Be3 Ba5 26. Bb1 Bc7 27.
Rfe1 Bb6 28. Qf5 Qxf5 29. Bxf5 Be6 30. Bxe6 Rxe6 31. Rd3 Bxd4 32. Red1 c5 33.
b4 b6 34. g4 Red6 35. Bxd4 cxd4 36. Kg2 Kf8 37. Kf3 Rf6+ 38. Kg3 Rfd6 39. Kf4
Ke7 40. R1d2 Kf6 41. Rf3 Re6 42. Rfd3 g5+ 43. Kf3 Ke5 44. a3 Rd7 45. Kg3 Rc6
46. Kf3 Rf6+ 47. Kg3 Rf4 48. f3 Rc7 49. Kf2 Kd5 50. Rd1 Rc2+ 51. R3d2 Rc3 52.
Rd3 Rxd3 53. Rxd3 Kc4 54. Ke2 Rf6 55. Kd2 Re6 56. Kc2 Re2+ 57. Rd2 Rxd2+ 58.
Kxd2 Kb3 0-1

[Event "Cto. FACV Ind. Absoluto Vila-real 2014"]
[Site "Villareal ESP"]
[Date "2014.10.04"]
[Round "3.3"]
[White "Ventura Monfort, Santiago"]
[Black "Mezquita Salla, Kevin"]
[Result "0-1"]
[WhiteElo "1861"]
[BlackElo "1804"]
[PlyCount "42"]
[EventDate "2014.09.27"]
[EventType "swiss"]
[EventRounds "7"]
[EventCountry "ESP"]
[Source "lmi"]
[SourceDate "2014.09.27"]

1. e4 Nf6 2. e5 Nd5 3. d4 d6 4. Nf3 Bg4 5. c4 Nb6 6. exd6 exd6 7. Be2 Be7 8.
Be3 O-O 9. h3 Bf5 10. b3 Bf6 11. g4 Be4 12. Nc3 d5 13. c5 N6d7 14. Nxe4 dxe4
15. Nd2 Re8 16. Rc1 Nc6 17. Nf1 Nb4 18. Bc4 Nxa2 19. Ra1 Nb4 20. Qd2 Nd3+ 21.
Bxd3 exd3 0-1

[Event "Cto. FACV Ind. Absoluto Vila-real 2014"]
[Site "Villareal ESP"]
[Date "2014.10.04"]
[Round "3.4"]
[White "Alamillo Sanz, Ildefonso"]
[Black "Gallego Mora, Salvador"]
[Result "1/2-1/2"]
[WhiteElo "1950"]
[BlackElo "1928"]
[PlyCount "74"]
[EventDate "2014.09.27"]
[EventType "swiss"]
[EventRounds "7"]
[EventCountry "ESP"]
[Source "lmi"]
[SourceDate "2014.09.27"]

1. e4 e5 2. Nf3 Nc6 3. Bc4 Nd4 4. c3 Nxf3+ 5. Qxf3 Qf6 6. Qg3 Bc5 7. O-O d6 8.
Kh1 Qg6 9. f4 Qxg3 10. hxg3 Nf6 11. b4 Bb6 12. d3 h5 13. f5 Ng4 14. Bg5 f6 15.
Bh4 Ne3 16. Rc1 Bxf5 17. exf5 Nxf5 18. Nd2 Ne3 19. Bb3 g5 20. a4 a5 21. Ne4
gxh4 22. Nxf6+ Ke7 23. Ne4 hxg3 24. Nxg3 h4 25. Nf1 Ng4 26. d4 exd4 27. cxd4
Bxd4 28. Rxc7+ Kd8 29. Rac1 Nf2+ 30. Kh2 h3 31. Be6 Be5+ 32. g3 Nd3 33. Rd7+
Ke8 34. Rcc7 axb4 35. Re7+ Kf8 36. Rf7+ Ke8 37. Rce7+ Kd8 1/2-1/2

[Event "Cto. FACV Ind. Absoluto Vila-real 2014"]
[Site "Villareal ESP"]
[Date "2014.10.04"]
[Round "3.6"]
[White "Ventura Monfort, Javier"]
[Black "Agudo Pelayo, David"]
[Result "1-0"]
[WhiteElo "1798"]
[BlackElo "1573"]
[PlyCount "49"]
[EventDate "2014.09.27"]
[EventType "swiss"]
[EventRounds "7"]
[EventCountry "ESP"]
[Source "lmi"]
[SourceDate "2014.09.27"]

1. d4 d5 2. c4 dxc4 3. e3 Bf5 4. Bxc4 Nf6 5. Qb3 e6 6. Nc3 b6 7. Nf3 Be7 8. d5
exd5 9. Nxd5 O-O 10. Nxe7+ Qxe7 11. O-O Nbd7 12. Nd4 Be4 13. f3 Bb7 14. e4 Qe5
15. Nf5 Nc5 16. Qe3 Ba6 17. Qg5 Nfd7 18. Bxa6 Nxa6 19. Rd1 Qf6 20. Rxd7 Qxg5
21. Bxg5 c5 22. Rad1 Nb4 23. a3 Nc6 24. Bf4 Rfd8 25. Ne7+ 1-0

[Event "Cto. FACV Ind. Absoluto Vila-real 2014"]
[Site "Villareal ESP"]
[Date "2014.10.04"]
[Round "3.7"]
[White "Gimeno Simo, Sergio"]
[Black "Gargallo Catalan, Oscar"]
[Result "1-0"]
[WhiteElo "1702"]
[BlackElo "1454"]
[PlyCount "65"]
[EventDate "2014.09.27"]
[EventType "swiss"]
[EventRounds "7"]
[EventCountry "ESP"]
[Source "lmi"]
[SourceDate "2014.09.27"]

1. e4 d6 2. d4 Nf6 3. Nc3 g6 4. Nf3 Bg7 5. Be2 O-O 6. O-O e5 7. dxe5 dxe5 8.
Bg5 h6 9. Qxd8 Rxd8 10. Bxf6 Bxf6 11. Nd5 Na6 12. Nxf6+ Kg7 13. Nd5 f5 14. Nc3
fxe4 15. Nxe4 Bf5 16. Ng3 Rf8 17. Nxf5+ Rxf5 18. Bxa6 bxa6 19. Rfe1 Rb8 20. b3
Re8 21. Rad1 e4 22. Rd7+ Kf6 23. Nd4 Rc5 24. c4 Ra5 25. Re2 Ke5 26. Nc6+ Ke6
27. Rd4 Rc5 28. Rdxe4+ Kd7 29. Rxe8 Rxc6 30. R2e7+ Kd6 31. Re6+ Kd7 32. R8e7+
Kd8 33. Rxc6 1-0

[Event "Cto. FACV Ind. Absoluto Vila-real 2014"]
[Site "Villareal ESP"]
[Date "2014.10.04"]
[Round "3.8"]
[White "Arroyo Cabrera, Andres"]
[Black "Aimimir Gimenez, Jose"]
[Result "1-0"]
[WhiteElo "1744"]
[BlackElo "1634"]
[PlyCount "115"]
[EventDate "2014.09.27"]
[EventType "swiss"]
[EventRounds "7"]
[EventCountry "ESP"]
[Source "lmi"]
[SourceDate "2014.09.27"]

1. Nf3 e6 2. d4 d5 3. c4 Nf6 4. g3 g6 5. Bg2 Bg7 6. O-O O-O 7. Ne5 c6 8. Nc3
Nbd7 9. Bg5 Qc7 10. Bf4 Nh5 11. Nxd7 Qxd7 12. Qd2 Nxf4 13. Qxf4 b6 14. cxd5
cxd5 15. a4 Re8 16. Qd2 Bb7 17. f4 Rac8 18. e3 Bf8 19. Qd1 a5 20. Rf2 Ba6 21.
Bf1 Bxf1 22. Kxf1 Rc4 23. Qd3 Rec8 24. Rc2 Bb4 25. Rac1 Bxc3 26. Rxc3 Rxc3 27.
Rxc3 Rxc3 28. Qxc3 Qxa4 29. Ke2 Qc4+ 30. Ke1 Kf8 31. Qa3+ Ke8 32. Qd6 Qc1+ 33.
Kf2 Qxb2+ 34. Kf3 Qb5 35. Qb8+ Ke7 36. Qc7+ Kf8 37. Qd6+ Ke8 38. Qb8+ Ke7 39.
Qc7+ Qd7 40. Qxb6 a4 41. Qb4+ Kf6 42. Ke2 Qa7 43. Qa3 Qa6+ 44. Kd2 Qc4 45. g4
Kg7 46. g5 h6 47. h4 hxg5 48. hxg5 Qb3 49. Qxb3 axb3 50. Kc3 f6 51. Kxb3 f5 52.
Kb4 Kf7 53. Kc5 Ke7 54. Kc6 Kd8 55. Kd6 Ke8 56. Kxe6 Kf8 57. Kf6 Kg8 58. Kxg6
1-0

[Event "Cto. FACV Ind. Absoluto Vila-real 2014"]
[Site "Villareal ESP"]
[Date "2014.10.04"]
[Round "3.9"]
[White "Rivera Lirio, Francisco"]
[Black "Lopez Benlloch, Vicente"]
[Result "0-1"]
[WhiteElo "1494"]
[BlackElo "1570"]
[PlyCount "96"]
[EventDate "2014.09.27"]
[EventType "swiss"]
[EventRounds "7"]
[EventCountry "ESP"]
[Source "lmi"]
[SourceDate "2014.09.27"]

1. e4 e5 2. c3 Nf6 3. Qe2 Nc6 4. Nf3 Bc5 5. h3 O-O 6. Nxe5 Bxf2+ 7. Kxf2 Nxe5
8. d4 Ng6 9. Bg5 Nxe4+ 10. Qxe4 Qxg5 11. Nd2 d5 12. Qc2 Re8 13. Re1 Bf5 14. Qd1
Qh4+ 15. g3 Qf6 16. Kg1 Qg5 17. Kf2 Qf6 18. Kg1 Be4 19. Rh2 Re7 20. Rf2 Qg5 21.
Kh2 Rae8 22. Ree2 f5 23. Qa4 a6 24. c4 f4 25. Qb3 fxg3+ 26. Qxg3 Qxg3+ 27. Kxg3
c6 28. Re1 Rf7 29. c5 Rxf2 30. Kxf2 Kf7 31. Kg3 Kf6 32. h4 Ne7 33. Bh3 Nf5+ 34.
Kg4 h6 35. Bg2 h5+ 36. Kf4 Nxh4 37. Bxe4 dxe4 38. Nxe4+ Kg6 39. Rg1+ Kh7 40.
Rh1 Rf8+ 41. Ke5 Re8+ 42. Kf4 Ng6+ 43. Kf5 Ne7+ 44. Kf4 Nd5+ 45. Kf3 g5 46. Nd6
g4+ 47. Kf2 Rf8+ 48. Ke2 g3 0-1

[Event "Cto. FACV Ind. Absoluto Vila-real 2014"]
[Site "Villareal ESP"]
[Date "2014.10.18"]
[Round "4.1"]
[White "Mezquita Salla, Kevin"]
[Black "Aymerich Rosell, Pablo"]
[Result "0-1"]
[WhiteElo "1804"]
[BlackElo "2163"]
[PlyCount "44"]
[EventDate "2014.09.27"]
[EventType "swiss"]
[EventRounds "7"]
[EventCountry "ESP"]
[Source "lmi"]
[SourceDate "2014.09.27"]

1. d4 e6 2. c4 Nf6 3. Nf3 c5 4. Bf4 cxd4 5. Nxd4 e5 6. Bxe5 Qa5+ 7. Nc3 Qxe5 8.
e3 Bb4 9. Qb3 Na6 10. a3 Bxc3+ 11. Qxc3 O-O 12. Be2 Nc5 13. O-O Nce4 14. Qd3 d5
15. cxd5 Qxd5 16. Bf3 Qe5 17. Rac1 Be6 18. Nxe6 Qxe6 19. Rc7 Rac8 20. Rfc1 Rxc7
21. Rxc7 Rc8 22. Rxb7 Nc5 0-1

[Event "Cto. FACV Ind. Absoluto Vila-real 2014"]
[Site "Villareal ESP"]
[Date "2014.10.18"]
[Round "4.2"]
[White "Jordan Martinez, David"]
[Black "Soriano Pallas, Rafael"]
[Result "1-0"]
[WhiteElo "2122"]
[BlackElo "1911"]
[PlyCount "47"]
[EventDate "2014.09.27"]
[EventType "swiss"]
[EventRounds "7"]
[EventCountry "ESP"]
[Source "lmi"]
[SourceDate "2014.09.27"]

1. d4 Nf6 2. c4 e5 3. dxe5 Ng4 4. e3 Nxe5 5. Nh3 Bb4+ 6. Bd2 Bxd2+ 7. Qxd2 Qf6
8. Nf4 c6 9. Nc3 O-O 10. Ne4 Qh6 11. Nd6 a5 12. Be2 f5 13. Rd1 g5 14. Nh5 Qe6
15. Qd4 c5 16. Qxc5 Nbc6 17. f4 gxf4 18. Nxf4 Qf6 19. O-O a4 20. e4 Ra5 21. Qe3
Nf7 22. Nxf5 d6 23. Nd5 Qe5 24. Nh6+ 1-0

[Event "Cto. FACV Ind. Absoluto Vila-real 2014"]
[Site "Villareal ESP"]
[Date "2014.10.18"]
[Round "4.3"]
[White "Romero Calduch, Sergio"]
[Black "Gimeno Simo, Sergio"]
[Result "1-0"]
[WhiteElo "2179"]
[BlackElo "1702"]
[PlyCount "109"]
[EventDate "2014.09.27"]
[EventType "swiss"]
[EventRounds "7"]
[EventCountry "ESP"]
[Source "lmi"]
[SourceDate "2014.09.27"]

1. d4 d5 2. c4 e6 3. Nc3 c5 4. e3 Nf6 5. Nf3 cxd4 6. exd4 Bb4 7. Qa4+ Nc6 8.
Ne5 Bd7 9. Nxc6 Bxc3+ 10. bxc3 Bxc6 11. Qa3 Ne4 12. Bd3 dxc4 13. Bxc4 Nd6 14.
Bd3 O-O 15. Bf4 Ne4 16. f3 Nf6 17. Bg5 e5 18. Rd1 exd4 19. O-O h6 20. Bh4 Re8
21. Qc5 Qd5 22. Qb4 a5 23. Qb1 Re6 24. Bf5 Re2 25. Bxf6 gxf6 26. Rxd4 Qc5 27.
Kh1 Qxc3 28. Rg4+ Kf8 29. Be4 Qb2 30. Qd1 Rd2 31. Qe1 Re2 32. Qh4 Ke7 33. Qxh6
Rd8 34. Qh5 Qc3 35. Bxc6 bxc6 36. Rg7 Rf8 37. Qh4 c5 38. h3 Rd8 39. Qh5 Qc4 40.
Rb1 Rd7 41. a4 Re5 42. Qh8 Qxa4 43. Rg8 Rd1+ 44. Rxd1 Qxd1+ 45. Kh2 Qd7 46. Ra8
Rg5 47. Qf8+ Ke6 48. Re8+ Kf5 49. Qxc5+ Kg6 50. Rg8+ Kh6 51. Qf8+ Kh7 52. Rh8+
Kg6 53. Rh6+ Kf5 54. Qc5+ Ke6 55. Qxg5 1-0

[Event "Cto. FACV Ind. Absoluto Vila-real 2014"]
[Site "Villareal ESP"]
[Date "2014.10.18"]
[Round "4.4"]
[White "Gallego Mora, Salvador"]
[Black "Ventura Monfort, Javier"]
[Result "1-0"]
[WhiteElo "1928"]
[BlackElo "1798"]
[PlyCount "143"]
[EventDate "2014.09.27"]
[EventType "swiss"]
[EventRounds "7"]
[EventCountry "ESP"]
[Source "lmi"]
[SourceDate "2014.09.27"]

1. e4 c5 2. Nf3 d6 3. d4 cxd4 4. Qxd4 a6 5. Nc3 Nc6 6. Qa4 Bd7 7. Be3 b5 8. Qb3
Nf6 9. Ng5 e6 10. a3 Ng4 11. Na2 Be7 12. Nf3 Na5 13. Qd3 Nc4 14. Bc1 Qb6 15.
Qe2 O-O 16. h3 Nge5 17. Nxe5 dxe5 18. Nb4 Rac8 19. Nd3 Qc7 20. c3 f5 21. exf5
exf5 22. Nb4 Qb7 23. Qf3 e4 24. Bxc4+ Rxc4 25. Qd1 e3 26. Bxe3 Bxb4 27. axb4
Qxg2 28. Rf1 f4 29. Qxd7 fxe3 30. O-O-O exf2 31. Qe6+ Kh8 32. Qxa6 Qg5+ 33. Kc2
Qf5+ 34. Kc1 Rfc8 35. Rd2 Rf8 36. Rfxf2 Rf4 37. Rxf4 Qxf4 38. Qxb5 Qe3 39. Qc5
Qe1+ 40. Kc2 Qe4+ 41. Rd3 Re8 42. Qd5 Qe2+ 43. Kb3 h6 44. b5 Re5 45. Qd8+ Kh7
46. c4 Re3 47. Rxe3 Qxe3+ 48. Kb4 Qxh3 49. b6 Qe3 50. b7 Qe1+ 51. Kb5 Qe5+ 52.
Kc6 Qe6+ 53. Kb5 Qe5+ 54. Ka6 Qe6+ 55. Ka7 Qxc4 56. b8=Q Qa4+ 57. Kb7 Qb5+ 58.
Kc8 Qc6+ 59. Qdc7 Qe8+ 60. Kb7 Qb5+ 61. Qb6 Qd5+ 62. Ka6 Qa2+ 63. Qa5 Qc4+ 64.
Qab5 Qe6+ 65. Ka5 Qa2+ 66. Qa4 Qd5+ 67. Kb4 Qd2+ 68. Ka3 Qd3+ 69. Qbb3 Qd6+ 70.
Ka2 Qd8 71. Qf7 Qc8 72. Qe4+ 1-0

[Event "Cto. FACV Ind. Absoluto Vila-real 2014"]
[Site "Villareal ESP"]
[Date "2014.10.18"]
[Round "4.5"]
[White "Arroyo Cabrera, Andres"]
[Black "Alamillo Sanz, Ildefonso"]
[Result "0-1"]
[WhiteElo "1744"]
[BlackElo "1950"]
[PlyCount "130"]
[EventDate "2014.09.27"]
[EventType "swiss"]
[EventRounds "7"]
[EventCountry "ESP"]
[Source "lmi"]
[SourceDate "2014.09.27"]

1. Nf3 d5 2. d4 Bf5 3. g3 Nf6 4. Bg2 e6 5. O-O Nbd7 6. Bg5 h6 7. Bf4 c5 8. c4
cxd4 9. cxd5 Nxd5 10. Be5 Nb4 11. Na3 d3 12. exd3 Nxd3 13. Bc3 Bxa3 14. bxa3
O-O 15. Nh4 Rc8 16. Bb4 N7c5 17. Nxf5 exf5 18. Qh5 Qf6 19. Bxc5 Rxc5 20. Qe2
Rd8 21. Rfd1 Rc3 22. Bxb7 Rxa3 23. Bg2 Kh7 24. Rd2 Rd6 25. Rb1 Rc3 26. Qd1 Qd8
27. Qf3 g6 28. h4 Qe7 29. Kh2 Rd7 30. Rbd1 Qa3 31. Qe2 Re7 32. Qf1 Ne5 33. Qb5
Qc5 34. Qxc5 Rxc5 35. Rd8 Rc2 36. R1d2 Rxd2 37. Rxd2 Kg7 38. Kg1 g5 39. hxg5
hxg5 40. Rd4 Kf6 41. Kf1 Rd7 42. Ra4 Ke7 43. Bh3 g4 44. Bg2 Rc7 45. Bd5 Kf6 46.
Ra6+ Kg5 47. Ke2 f4 48. gxf4+ Kxf4 49. Ra4+ Kg5 50. Ke3 Re7 51. Kd4 f6 52. Ra3
Rc7 53. f4+ gxf3 54. Bxf3 Nxf3+ 55. Rxf3 f5 56. Rf1 f4 57. Ke5 Re7+ 58. Kd4 Kg4
59. Rg1+ Kh3 60. Rg8 f3 61. Kd3 f2 62. Rf8 Kg2 63. Rg8+ Kf1 64. Kd2 Rd7+ 65.
Ke3 Ke1 0-1

[Event "Cto. FACV Ind. Absoluto Vila-real 2014"]
[Site "Villareal ESP"]
[Date "2014.10.18"]
[Round "4.6"]
[White "Lopez Benlloch, Vicente"]
[Black "Viciano Barrachina, Aitor"]
[Result "0-1"]
[WhiteElo "1570"]
[BlackElo "1892"]
[PlyCount "98"]
[EventDate "2014.09.27"]
[EventType "swiss"]
[EventRounds "7"]
[EventCountry "ESP"]
[Source "lmi"]
[SourceDate "2014.09.27"]

1. e4 Nf6 2. Nc3 d5 3. exd5 Nxd5 4. Nxd5 Qxd5 5. Nf3 Bg4 6. Be2 g6 7. c3 Bg7 8.
Qa4+ Bd7 9. Qb3 Qxb3 10. axb3 O-O 11. d4 Nc6 12. Bf4 e5 13. dxe5 Rfe8 14. O-O
Nxe5 15. Be3 Ng4 16. Ng5 h6 17. Bxg4 Bxg4 18. Nf3 Bxf3 19. gxf3 a6 20. Rfd1
Rad8 21. Kf1 h5 22. Bf4 c6 23. Bc7 Rxd1+ 24. Rxd1 Bf6 25. Rd7 Re7 26. Rxe7 Bxe7
27. Bb6 Bd6 28. h3 Kf8 29. Ke2 Ke7 30. Ke3 Ke6 31. b4 Kd5 32. Kd3 Ke5 33. Bd4+
Kd5 34. Bb6 Be5 35. c4+ Ke6 36. b3 Bd6 37. c5 Be5 38. Bd8 f6 39. h4 Kf5 40. b5
axb5 41. Ba5 g5 42. hxg5 fxg5 43. Ke2 Bd4 44. b4 h4 45. Kf1 h3 46. Bc7 Bc3 47.
Ba5 Kf4 48. Ke2 h2 49. Bc7+ Be5 0-1

[Event "Cto. FACV Ind. Absoluto Vila-real 2014"]
[Site "Villareal ESP"]
[Date "2014.10.18"]
[Round "4.7"]
[White "Aimimir Gimenez, Jose"]
[Black "Ventura Monfort, Santiago"]
[Result "0-1"]
[WhiteElo "1634"]
[BlackElo "1861"]
[PlyCount "94"]
[EventDate "2014.09.27"]
[EventType "swiss"]
[EventRounds "7"]
[EventCountry "ESP"]
[Source "lmi"]
[SourceDate "2014.09.27"]

1. d4 Nf6 2. c4 g6 3. Bf4 c6 4. Nc3 Qa5 5. e3 Bg7 6. Nf3 d6 7. Be2 Ne4 8. Qb3
e5 9. dxe5 dxe5 10. Bg3 Nxc3 11. bxc3 Nd7 12. O-O O-O 13. Rab1 Re8 14. e4 Nc5
15. Qc2 f5 16. Nd2 fxe4 17. Nxe4 Nxe4 18. Qxe4 Bf5 19. Qf3 Bxb1 20. Rxb1 e4 21.
Qf4 b6 22. Rd1 Be5 23. Qh4 Bxg3 24. hxg3 g5 25. Qh6 Qf5 26. Qxc6 Rad8 27. Rd5
Qg6 28. Qxg6+ hxg6 29. Rxg5 Kf7 30. Rd5 Rxd5 31. cxd5 Rc8 32. c4 Kf6 33. f4 Rc5
34. a4 Ra5 35. Bd1 Rc5 36. Bb3 a6 37. Kf2 b5 38. d6 bxc4 39. Bc2 Rd5 40. Bxe4
Rxd6 41. Ke3 a5 42. Bc2 c3 43. Bd3 g5 44. Ke2 Rd4 45. Bc2 Rd2+ 46. Ke3 Rxc2 47.
Kd3 Ra2 0-1

[Event "Cto. FACV Ind. Absoluto Vila-real 2014"]
[Site "Villareal ESP"]
[Date "2014.10.18"]
[Round "4.8"]
[White "Gargallo Catalan, Oscar"]
[Black "Moran Marzal, Francisco Javier"]
[Result "0-1"]
[WhiteElo "1454"]
[BlackElo "1836"]
[PlyCount "72"]
[EventDate "2014.09.27"]
[EventType "swiss"]
[EventRounds "7"]
[EventCountry "ESP"]
[Source "lmi"]
[SourceDate "2014.09.27"]

1. Nf3 Nf6 2. d4 g6 3. c4 Bg7 4. Nc3 O-O 5. Bf4 d6 6. h3 a6 7. e3 c5 8. Be2 b6
9. O-O Bb7 10. a3 Nbd7 11. b4 Rc8 12. dxc5 dxc5 13. b5 Nh5 14. Bh2 Bxc3 15. Rb1
a5 16. Rb3 Bxf3 17. Bxf3 Be5 18. Bxh5 Bxh2+ 19. Kxh2 gxh5 20. Rd3 Qc7+ 21. f4
Nf6 22. Rf3 Rcd8 23. Rxd8 Rxd8 24. Rg3+ Kh8 25. Qb1 Rg8 26. Rf3 Qb7 27. Qf5 Qe4
28. Qxe4 Nxe4 29. f5 Rg5 30. Rf4 Nd6 31. e4 Nxc4 32. a4 f6 33. g4 hxg4 34. hxg4
Ne5 35. Kg3 Rxg4+ 36. Rxg4 Nxg4 0-1